Belgium National Football Team Most Capped Players - Statistics

General Stats
  • This quiz has been taken 890 times
    638 since last reset
  • The average score is 12 of 35
Answer Stats
Caps Answer % Correct
106 Romelu Lukaku
95%
126 Eden Hazard
94%
99 Kevin De Bruyne
93%
101 Thibaut Courtois
88%
147 Jan Vertonghen
80%
127 Toby Alderweireld
70%
130 Axel Witsel
63%
89 Vincent Kompany
60%
109 Dries Mertens
56%
87 Marouane Fellaini
52%
62 Thomas Meunier
41%
64 Yannick Carrasco
40%
85 Thomas Vermaelen
39%
82 Moussa Dembele
29%
85 Daniel Van Buyten
28%
70 Marc Wilmots
28%
66 Nacer Chadli
27%
58 Michel Preud'homme
25%
64 Jean-Marie Pfaff
24%
84 Enzo Scifo
21%
96 Jan Ceulemans
20%
86 Franky Van der Elst
16%
60 Kevin Mirallas
16%
81 Paul Van Himst
15%
94 Timmy Simons
14%
86 Eric Gerets
13%
63 Marc Degryse
9%
78 Bart Goor
7%
63 Franckie Vercauteren
7%
77 Georges Grün
6%
71 Lorenzo Staelens
6%
61 Bernard Voorhoof
2%
68 Vic Mees
2%
67 Georges Heylens
1%
64 Jef Jurion
1%
No matching quizzes found
Score Distribution
Percent of People with Each Score
Percentile by Number Answered
Your Score History
You have not taken this quiz since the last reset